Statistics for 上海7号线地铁站

Click here to take the quiz!

General Stats

  • This quiz has been taken 80 times
  • The average score is 22 of 33

Answer Stats

7号线地铁站% Correct
美兰湖
97%
静安寺
94%
花木路
94%
龙阳路
89%
常熟路
82%
顾村公园
79%
镇坪路
79%
上海大学
77%
后滩
76%
龙华中路
75%
长寿路
72%
长清路
72%
上大路
69%
东安路
69%
肇嘉浜路
69%
高科西路
68%
耀华路
68%
罗南新村
63%
刘行
61%
昌平路
61%
大场镇
61%
杨高南路
59%
锦绣路
56%
祁华路
56%
岚皋路
55%
大华三路
55%
芳华路
55%
场中路
54%
行知路
52%
云台路
51%
潘广路
48%
新村路
46%
南陈路
46%

Score Distribution

Percentile by Number Answered

Percent of People with Each Score

Your Score History

You have not taken this quiz